000 00575nam a2200193 i 4500
001 bgj
100 1 _aWITTIG, Arno F.
245 1 0 _aPsychology :
_ban introduction : study guide to accompany /
_cby Arno F. Wittig and Gurney Williams III.
260 _aNew York [etc.] :
_bMcGraw-Hill Book Company,
_cc. 1984.
300 _a276 pp :
_bill. ;
_c28 cm.
650 9 _aPsychology
700 1 _aWILLIAMS, Gurney.
_eco-author
020 _a0070712042
040 _cBPK
041 0 _aeng
920 _a0-07-071204-2
942 _cKS
008 s uk f |000 0 eng
999 _c47637
_d47637
856 _uhttp://koha.tu.koszalin.pl/cgi-bin/koha/opac-detail.pl?biblionumber=47637
_yKatalog online BPK